| 000 | 00701nam a22002177a 4500 | ||
|---|---|---|---|
| 003 | 0 | ||
| 005 | 20250901152358.0 | ||
| 008 | 250901b xxu||||| |||| 00| 0 eng d | ||
| 020 | _a978-1-5296-9039-2 | ||
| 050 |
_aLB 2395 _b.C37 2025 |
||
| 100 |
_aCarrigan, Mark, _eauthor. |
||
| 245 | _aGenerative AI for academics / | ||
| 260 |
_aLondon : _bSage, _c2025. |
||
| 300 |
_a180 pages : _billustrations ; _c25 cm. |
||
| 504 | _aIncludes bibliographical references and index. | ||
| 650 |
_aArtificial intelligence _xEducational applications. |
||
| 650 | _aGenerative artificial intelligence. | ||
| 650 |
_aAcademic writing _xData processing. |
||
| 650 |
_aResearch _xData processing. |
||
| 942 |
_2lcc _cBK |
||
| 999 |
_c367731 _d367731 |
||